| 000 | 01377cam a2200337 a 4500 | ||
|---|---|---|---|
| 999 |
_c8190 _d8190 |
||
| 003 | OSt | ||
| 005 | 20200811160914.0 | ||
| 008 | 071120s2008 enkaf b 001 0 eng | ||
| 010 | _a 2007048067 | ||
| 020 | _a0521896827 (hbk.) | ||
| 020 | _a9780521896825 (hbk.) | ||
| 035 | _a(OCoLC)182573582 | ||
| 035 | _a(OCoLC)ocn182573582 | ||
| 050 | 0 | 0 |
_aQC981.8.C5 _bF329 2008 |
| 082 | 0 | 0 |
_a551.6 _222 |
| 245 | 0 | 0 |
_aFacing climate change together / _c[edited by] Catherine Gautier and Jean-Louis Fellous. |
| 260 |
_aCambridge, UK ; _aNew York : _bCambridge University Press, _c2008. |
||
| 300 |
_axv, 257 p., [8] p. of plates : _bill. (some col.) ; _c26 cm. |
||
| 504 | _aIncludes bibliographical references (p. 243-251) and index. | ||
| 650 | 0 | _aClimatic changes. | |
| 650 | 0 | _aHydrologic cycle. | |
| 650 | 0 | _aGlobal temperature changes. | |
| 650 | 0 |
_aAtmospheric chemistry _xEnvironmental aspects. |
|
| 650 | 0 |
_aNature _xEffect of human beings on. |
|
| 700 | 1 |
_aGautier, Catherine, _d1947- |
|
| 700 | 1 |
_aFellous, J. L. _q(Jean-Louis) |
|
| 856 | 4 | 2 |
_3Contributor biographical information _uhttp://www.loc.gov/catdir/enhancements/fy0809/2007048067-b.html |
| 856 | 4 | 2 |
_3Publisher description _uhttp://www.loc.gov/catdir/enhancements/fy0809/2007048067-d.html |
| 856 | 4 | 1 |
_3Table of contents only _uhttp://www.loc.gov/catdir/enhancements/fy0809/2007048067-t.html |
| 942 | _2ddc | ||